NHL Worst Season Record - Statistics

General Stats
  • This quiz has been taken 14 times
    3 since last reset
  • The average score is 3 of 98
Answer Stats
Year Team % Correct
2025 San Jose Sharks
100%
2024 San Jose Sharks
100%
2023 Anaheim Ducks
50%
2020 Detroit Red Wings
50%
2002 Atlanta Thrashers
0%
2000 Atlanta Thrashers
0%
1997 Boston Bruins
0%
1967 Boston Bruins
0%
1965 Boston Bruins
0%
1964 Boston Bruins
0%
1963 Boston Bruins
0%
1962 Boston Bruins
0%
1961 Boston Bruins
0%
1942 Brooklyn Americans
0%
2021 Buffalo Sabres
0%
2018 Buffalo Sabres
0%
2015 Buffalo Sabres
0%
2014 Buffalo Sabres
0%
1987 Buffalo Sabres
0%
1974 California Golden Seals
0%
1971 California Golden Seals
0%
2003 Carolina Hurricanes
0%
1957 Chicago Blackhawks
0%
1956 Chicago Blackhawks
0%
1955 Chicago Blackhawks
0%
1954 Chicago Blackhawks
0%
1952 Chicago Blackhawks
0%
1951 Chicago Blackhawks
0%
1950 Chicago Blackhawks
0%
1948 Chicago Blackhawks
0%
1947 Chicago Blackhawks
0%
1939 Chicago Blackhawks
0%
1929 Chicago Blackhawks
0%
1928 Chicago Blackhawks
0%
2017 Colorado Avalanche
0%
1982 Colorado Rockies
0%
1980 Colorado Rockies
0%
1979 Colorado Rockies
0%
2012 Columbus Blue Jackets
0%
1927 Detroit Cougars
0%
1986 Detroit Red Wings
0%
1977 Detroit Red Wings
0%
1959 Detroit Red Wings
0%
2011 Edmonton Oilers
0%
2010 Edmonton Oilers
0%
2013 Florida Panthers
0%
2008 Los Angeles Kings
0%
1970 Los Angeles Kings
0%
1988 Minnesota North Stars
0%
1978 Minnesota North Stars
0%
2022 Montreal Canadiens
0%
1940 Montreal Canadiens
0%
1936 Montreal Canadiens
0%
1938 Montreal Maroons
0%
1941 New York Americans
0%
1937 New York Americans
0%
1932 New York Americans
0%
2009 New York Islanders
0%
2001 New York Islanders
0%
1973 New York Islanders
0%
1966 New York Rangers
0%
1960 New York Rangers
0%
1953 New York Rangers
0%
1949 New York Rangers
0%
1946 New York Rangers
0%
1945 New York Rangers
0%
1944 New York Rangers
0%
1943 New York Rangers
0%
1968 Oakland Seals
0%
2019 Ottawa Senators
0%
1996 Ottawa Senators
0%
1995 Ottawa Senators
0%
1994 Ottawa Senators
0%
1934 Ottawa Senators
0%
1933 Ottawa Senators
0%
2007 Philadelphia Flyers
0%
1931 Philadelphia Quakers
0%
2004 Pittsburgh Penguins
0%
1984 Pittsburgh Penguins
0%
1983 Pittsburgh Penguins
0%
1969 Pittsburgh Penguins
0%
1930 Pittsburgh Pirates
0%
1991 Quebec Nordiques
0%
1990 Quebec Nordiques
0%
1989 Quebec Nordiques
0%
1993 San Jose Sharks
0%
1992 San Jose Sharks
0%
2006 St. Louis Blues
0%
1935 St. Louis Eagles
0%
1999 Tampa Bay Lightning
0%
1998 Tampa Bay Lightning
0%
2016 Toronto Maple Leafs
0%
1985 Toronto Maple Leafs
0%
1958 Toronto Maple Leafs
0%
1972 Vancouver Canucks
0%
1976 Washington Capitals
0%
1975 Washington Capitals
0%
1981 Winnipeg Jets
0%
No matching quizzes found
Score Distribution
Percent of People with Each Score
Percentile by Number Answered
Your Score History
You have not taken this quiz since the last reset